| 000 | 00455nam a2200157 i 4500 | ||
|---|---|---|---|
| 001 | 32649 | ||
| 003 | ES-MaACL | ||
| 005 | 20230906154618.0 | ||
| 007 | t| | ||
| 008 | 030131s1926 ag ||||1| spa d | ||
| 100 | 1 |
_aBermann, Gregorio. _928076 |
|
| 245 | 1 | 0 |
_aToxicomanías... / _cGregorio Bermann. |
| 260 |
_aBuenos Aires : _bPedro García : _bEl Ateneo, _c1926 ( _eCórdoba : _fA. Biffignandi) |
||
| 300 |
_a382 p. ; _c24 cm. |
||
| 852 |
_aES-MaACL _jE-1008 |
||
| 999 |
_c32649 _d32649 |
||